| 000 | 01441cam a22004214i 4500 | ||
|---|---|---|---|
| 003 | PE-LiUPU | ||
| 005 | 20250731173235.0 | ||
| 008 | 150625s r 000 0 d | ||
| 035 | _a(Sirsi) a34976 | ||
| 040 |
_aPE-LiUPU _bspa _cPE-LiUPU _erda |
||
| 082 | 0 | 4 |
_a272.2 _bM26 _221 |
| 100 | 1 |
_aMarti Gilabert, Francisco, _eautor. |
|
| 245 | 1 | 3 |
_aLa abolición de la Inquisición en España / _cFrancisco Marti Gilabert. |
| 264 | 1 |
_aPamplona (España) : _bEdiciones Universidad de Navarra, S.A., _c19 . |
|
| 300 |
_a358 páginas : _bIlustraciones ; _c22 centímetros. |
||
| 336 |
_atext _2rdacontent |
||
| 337 |
_aunmediated _2rdamedia |
||
| 338 |
_avolume _2rdacarrier |
||
| 526 | _aSEG42 | ||
| 526 | _aSEG41 | ||
| 526 | _aSEG40 | ||
| 526 | _aSEG39 | ||
| 526 | _aP94 | ||
| 526 | _aP87 | ||
| 526 | _aP86 | ||
| 526 | _aP85 | ||
| 526 | _aP77 | ||
| 526 | _aP76 | ||
| 526 | _aP35 | ||
| 650 | 2 | 4 |
_aIglesia Católica _xHistoria _yEdad media. |
| 650 | 1 | 4 |
_aInquisición _zEspaña _xHistoria. |
| 910 | _a | ||
| 942 |
_2ddc _cBOOK |
||
| 949 |
_a272.2 M26 _wDEWEY _c1 _i22056 _lCCODEBUL1 _mBUL _p00.00 _r0 _sY _tBOOK _u2015-06-25 _xBIBLIOTECA _zUNKNOWN _0COMPRA _o.STAFF. Colección General |
||
| 596 | _a1 | ||
| 999 |
_a272.2 M26 _wDEWEY _c42891 _i22056 _d42891 _e2017-11-29 _f2021-11-11 _g5 _lCCODEBUL1 _mBUL _n2 _r0 _sY _tBOOK _u2015-6-25 _xTEOLOGIA _zUNKNOWN _0COMPRA _o.STAFF. Colección General |
||
| 980 |
_81 _gALBERTO SANCHEZ Responsable de Automatización |
||